Derecho biomédico y bioética
Saved in:
| Main Authors: | , , , , , |
|---|---|
| Format: | Bog |
| Sprog: | spansk |
| Udgivet: |
Granada
COMARES
1998
|
| Serier: | Colección Biblioteca Comares de Derecho y Ciencias de la Vida
|
| Fag: | |
| Tags: |
Tilføj Tag
Ingen Tags, Vær først til at tagge denne postø!
|
MARC
| LEADER | 00000nam a2200000 a 4500 | ||
|---|---|---|---|
| 001 | UCQ9830 | ||
| 003 | CL-VaPUC | ||
| 008 | 990121e19980000SP |||||||||||||||||spa|d | ||
| 082 | 0 | 4 | |a 344.041 |b ROM |2 21 |
| 100 | 0 | |a Romeo Casabona, Carlos María |e author |9 424496 | |
| 700 | 0 | |a Casado, María |e author |9 424497 | |
| 700 | 0 | |a Castellano Arroyo, María |e author |9 424498 | |
| 700 | |a Gafo Fernández, Javier |e author |9 480650 | ||
| 700 | |a Gros Espiell, Héctor |e author |9 447027 | ||
| 700 | 0 | |a Roca Trías, Encarna |e author |9 424501 | |
| 245 | 1 | 0 | |a Derecho biomédico y bioética |
| 300 | |a 199 p | ||
| 942 | |c BK | ||
| 945 | |d 19990121 00:00:00 |a aarredon | ||
| 260 | |a Granada |b COMARES |c 1998 | ||
| 650 | 7 | |a DERECHO |2 CL-VaPUC |9 424502 | |
| 650 | 0 | |a Médicos |9 339460 | |
| 650 | 0 | |a Ética médica |9 312024 | |
| 650 | 0 | |a Responsabilidad médica |9 357519 | |
| 650 | 0 | |a Bioética |9 256117 | |
| 650 | 7 | |a DEONTOLOGIA |2 CL-VaPUC |9 327933 | |
| 650 | 0 | |a Ética |9 255099 | |
| 650 | 7 | |a MEDICINA LEGAL |2 CL-VaPUC |9 424503 | |
| 650 | 0 | |a Biotecnología |9 259561 | |
| 583 | |a last modification |c 19990121 00:00:00 |k Rodrigo Vera | ||
| 490 | 0 | |a Colección Biblioteca Comares de Derecho y Ciencias de la Vida | |
| 999 | |c 278731 |d 278729 | ||
| 952 | |0 0 |1 0 |4 0 |6 344_041000000000000_ROM_1998 |7 0 |8 DER_TF |9 317490 |a BIBDER |b BIBDER |d 2019-11-20 |i 3489426 |o 344.041 ROM 1998 |p 3489426 |r 2023-01-25 |w 2019-11-20 |x Ubicación 4to Piso |y BK |z Estos recursos deben solicitarse con anticipación |k DER | ||